000
00318nam a22001337a 4500
003
SGT
082
_a
070
_b
E18P
100
_a
PAL, CHANDAN
245
_a
EXPLORING GANDHIAN PEACE INITIATIVE REALMS OF KOKRAJHAR
260
_b
SERVA SAVA SANGH PRAKASHAN
_c
2018
300
_a
132
650
_a
JOURNALISM
942
_2
ddc
_c
BK
999
_c
28695
_d
28695